Hospodárska úprava lesov

Bibliographic Details
Main Authors: Priesol, Adolf, 1926-2005 (Author), Polák, Lubomír (Author)
Format: Book
Language:Slovak
PhysicalDescription:459 strán schémy, tabuľky 24 cm
Published: Bratislava Príroda 1991
ISBN:8007004300
Edition:1. vydanie
Subjects:

MARC

LEADER 00000cam a2200000 a 4500
001 vtls001067198
003 SK-MaSNL
005 20260301193418.0
008 150521s1991 xo l f n p 00100 slo
015 |a SNBA1992/03 
020 |a 8007004300 
035 |a SNK000010028 
040 |a SNK  |b slo  |c SNK  |e AACR2 
041 0 |a slo 
044 |a xo  |c SK 
080 |a 630*10  |2 2011 
080 |a (075.8)  |2 2011 
080 |a 630  |2 2011 
100 1 |a Priesol, Adolf,  |d 1926-2005  |4 aut  |9 37967 
245 1 0 |a Hospodárska úprava lesov  |c Adolf Priesol, Lubomír Polák 
250 |a 1. vydanie 
260 |a Bratislava  |b Príroda  |c 1991 
300 |a 459 strán  |b schémy, tabuľky  |c 24 cm 
366 |e 1000 kusov 
500 |a Schválil rektor VŠLD vo Zvolene a VŠZ v Prahe ako vysokoškolskú učebnicu 
504 |a Obsahuje bibliografiu ; register ; slovesnko-český ačesko-slovenský slovník 
650 0 7 |a lesy  |2 SNKPH  |9 1437 
650 0 7 |a lesné hospodárstvo  |2 SNKPH  |9 1256 
655 7 |a učebnice vysokých škôl  |2 SNKPH  |9 70191 
700 1 |a Polák, Lubomír  |4 aut  |9 276828 
919 |a 80-07-00430-0 
958 |a [BK] 
958 |a TL 
958 |a NB 
958 |a UV 
999 |c 877151  |d 879081 
952 |t P60, <04>, [BOOK], {604}  |a SNK  |b SNK  |y VYP  |7 0  |p 17A0096137  |o snkSC 80919 D1  |0 0  |1 0  |4 0  |d 1999-04-24  |l 0  |r 2004-12-31 00:00:00  |w 2026-02-24 
952 |t P60, <03>, [BOOK], {603}  |a SNK  |b SNK  |y PREZ  |7 0  |p 17A0243262  |o snkSC 80919  |0 0  |1 0  |4 0  |d 2000-06-12  |l 0  |r 2004-12-31 00:00:00  |w 2026-02-24